000 00526nam a22001937a 4500
005 20251108164953.0
008 250721s1990 xx 000 0 ara d
082 1 4 _a214/يوس
100 1 _aالقرضاوي، يوسف
245 1 0 _aالإيمان و الحياة /
250 _aط9.
264 1 _aالقاهره :
_bمكتبة و هبه،
_c1990.
300 _a367ص
650 1 7 _aالإسلام
650 1 7 _aأصول الدين الإسلامي
650 1 7 _aالتوحيد
942 _2ddc
_cBK
999 _c18713
_d18713